000 01262nam a22003257a 4500
001 768714001
003 CO-MdFUSB
005 20230315152628.0
008 230213t1979 -us||||f |||| 00| 0 eng d
020 _a0674345258
040 _aCO-MdFUSB
_bspa
_cCO-MdFUSB
_dCO-MdFUSBC
_erda
041 _aeng
082 _223
_a801.95
_bK39
100 _aKermode, Frank
_eautor
245 1 4 _aThe Genesis of secrecy
_b: on the interpretation of narrative
_c/ Frank Kermode
264 1 _aCambridge, Massachusetts :
_bCambridge University Press,
_c1979
264 4 _c©1979
300 _a169 páginas
_c; 24 cm
336 _2rdacontent
_atexto
_btxt
337 _2rdamedia
_asin mediación
_bn
338 _2rdacarrier
_avolumen
_bnc
490 _aThe Charles Eliot Norton Lectures
504 _aIncluye índice páginas 165-169
505 _aI. Los Sentidos carnales y espirituales -- II. El negocio del Hoti: ¿Por qué las narrativas son oscuras? -- III. El hombre del los Mac, el chico de la camisa IV. Necesidades del desarollo -- V. ¿Cuáles son los aspectos específicos? -- VI. Un mundo imposible de seguir
563 _aPasta dura
650 7 _97333
_aHermenéutica bíblica
_2embne
942 _cBK
945 _aAF
999 _c68406
_d68406